000 01119naa a22003137a 4500
001 BR9505774
003 BR-BrBNA
005 20240918181400.0
007 ta
008 230509b bl.||||| |||| 00| 0 por d
040 _aBR-BrBNA
_bpor
_cBiblioteca Nacional de Agricultura
041 _a(Pt)
072 _aE70
_b0120
090 _aE70 BR9505774
100 1 _aMartinho, W.L.R.
100 1 _aGuimaraes Junior, D.
100 1 _aBernardi, C.M.G.
111 1 _a3. Seminario sobre a Cultura do Milho "safrinha"
_cAssis, SP (Brazil)
_d9-10 Feb 1995
245 1 _aQualidade do milho "safrinha" comercializado no vale do Paranapanema
260 3 _aSao Paulo, SP (Brasil):
_c1995.
500 _a3. Seminario sobre a cultura do milho "safrinha". Resumos Sao Paulo, SP (Brasil): 1995. p. 15-20 (BR9505774-AM)E70
650 _aMilho
650 _aClassificacao de Produto
650 _aColheita
650 _aSao Paulo
773 0 _t3. Seminario sobre a cultura do milho "safrinha". Resumos
_wE70 BR9505774
_gSao Paulo, SP (Brasil), 1995. p. 15-20
909 _a202404
_bLucia
_c55
_dLucia Elande
942 _cAM
_2AGRIS
999 _c325032
_d325032